LDR 01280naa#a2200217#i#450# 001 RU\\bibl\126434 005 20260630010503.2 011 ## _a2223-9987 100 ## _a20260629b2026####ek#y0rusy0150####ca 102 ## _aRU 200 1# _aВыявление дуговых процессов в контактной сети городского электротранспорта методами осциллографического мониторинга и спектральной обработки _eЖурнальная статья 210 1# _aСанкт-Петербург _cФГБОУ ВО "Петербургский государственный университет путей сообщения Императора Александра I" _d2026 215 ## _a7 с. 608 ## _aЖурнальная статья _2local 675 ## _aРелейная защита. Селективная защита. 621.316.925 _z 700 #1 _aАгунов _gАлександр Викторович 700 #1 _aЩербань _gАлександр Владимирович 700 #1 _aАрхипов _gДмитрий Дмитриевич 700 #1 _aКузнецов _gАнтон Алексеевич 700 #1 _aСимоненко _gКирилл Дмитриевич 856 4# _aatjournal.ru _u